00722nam a2200169Ia 4500003000900000008004100009020001800050040001600068080002200084111008700106245023100193260004900424300001400473490001100487650002000498700003400518IN-BaIIA211028s9999 xx 000 0 eng d a92-9092-716-X cIIA Library a520.6(082.2)bTHE aLiege International Astrophysics Colloquiumn34thcLiege, Belgiumd1998 June 15-18 4aThe Next generation space telescopebscience drivers and technological challenges; proceedings of the 34th Liege International astrophysics colloquium held in Liege, Belgium, June 15-18, 1998ccompiled by B. Kaldeich-Schurmann aThe NetherlandsbEuropean Space Agencyc1998 avi, 345p. aSP-429 aSpace telescope aKaldeich-Schurmann, B., comp.